[Event "ch-Gdansk"]
[Site "Gdansk POL"]
[Date "2007.07.28"]
[Round "8"]
[White "Les,C"]
[Black "Krawczyk,An2"]
[Result "0-1"]
[WhiteElo "1826"]
[BlackElo "2149"]

1.d4 Nf6 2.Bg5 Ne4 3.Bf4 c5 4.e3 Qb6 5.Nc3 Nxc3 6.bxc3 Qa5 7.Qd2 g6 8.Nf3 Bg7
9.Bc4 O-O 10.O-O d5 11.Bxd5 cxd4 12.e4 e6 13.Bb3 dxc3 14.Qe2 e5 15.Be3 Bg4
16.Bd5 Qc7 17.Qb5 Nc6 18.Bc5 Rfc8 19.Ng5 Nd8 20.Be3 h6 21.Nxf7 Nxf7 22.f4 Kh7
23.f5 Nd6 24.Qd3 g5 25.f6 Bf8 26.h4 gxh4 27.Bb3 Nc4 28.Qd5 Bc5 29.Bxc4 Bxe3+
30.Kh1 Qxc4 31.Qxe5 Qc5 32.Qh2 Bg5 33.Rae1 Re8  0-1

[Event "Sun Pawn Open"]
[Site "Ilichevsk UKR"]
[Date "2007.07.28"]
[Round "8"]
[White "Chaevski,A"]
[Black "Ivanets,S"]
[Result "0-1"]
[WhiteElo "2084"]
[BlackElo "2208"]

1.d4 Nf6 2.Bg5 Ne4 3.Bh4 c5 4.f3 g5 5.fxe4 gxh4 6.c3 Qb6 7.Qd2 Bh6 8.Qc2 cxd4
9.cxd4 Nc6 10.d5 Ne5 11.Nc3 Ng4 12.Nd1 d6 13.Nf3 Bd7 14.Qc3 Rg8 15.Qd4 Qa5+
16.Qc3 Qa4 17.Qd3 Rc8 18.e3 Qb4+ 19.Nd2 a6 20.h3 Bb5 21.Qb3 Qxb3 22.axb3 Nxe3
23.Nxe3 Bxe3 24.Nc4 Bc5 25.Kd2 Rg3 26.Na5 Bb4+ 27.Kd1 Bxf1 28.Rxf1 Rxg2  0-1

[Event "Sun Pawn A"]
[Site "Ilichevsk UKR"]
[Date "2007.07.29"]
[Round "9"]
[White "Rakhmangulov,A"]
[Black "Pavlov,S2"]
[Result "0-1"]
[WhiteElo "2304"]
[BlackElo "2415"]

1.d4 Nf6 2.Bg5 Ne4 3.h4 c5 4.d5 Qb6 5.Nd2 Nxd2 6.Bxd2 Qxb2 7.c3 Qb6 8.e4 e5
9.Rb1 Qc7 10.h5 d6 11.g4 h6 12.f3 Be7 13.Qc1 Nd7 14.c4 Nf6 15.Bd3 Nh7 16.Nh3 Bd7
17.Ke2 Rc8 18.a4 Bxa4 19.Qa3 Qd7 20.Rb2 a6 21.Rhb1 Rb8 22.Ba5 O-O 23.Bb6 Bd8
24.Ba7 Ba5 25.Bxb8 Rxb8 26.Ra2 b5 27.cxb5 axb5 28.Qxa4 bxa4 29.Rxb8+ Nf8
30.Ra8 Bc3 31.R2xa4 Qe7 32.g5 hxg5 33.Nf2 g4 34.fxg4 Qg5 35.Bb5 Qd2+ 36.Kf3 Bd4
37.Ra2 Qf4+ 38.Kg2 Bxf2 39.Rxf2 Qxg4+ 40.Kf1 Qd1+ 41.Kg2 Qg4+ 42.Kf1 Qxe4
43.Be8 Qh1+ 44.Ke2 Qe4+ 45.Kf1 Qxd5 46.Bxf7+ Qxf7 47.Rxf7 Kxf7 48.Ra7+ Kf6
49.Kf2 d5 50.Kg3 Ne6 51.Kf3 e4+ 52.Kf2 Nf4 53.Rc7 Ne6 54.Ra7 d4 55.Ra6 Kf5
56.Rc6 Ke5 57.Ra6 c4 58.Ra7 Kf6 59.Ra6 c3 60.Ke1 Ke5 61.Ra7 Kf6 62.Ra6 Kf5
63.Ra5+ Kf4 64.Ra6 Ng5 65.Rc6 Nf3+ 66.Kd1 e3 67.Ke2 d3+  0-1

[Event "IGM"]
[Site "Stara Pazova SRB"]
[Date "2007.07.30"]
[Round "8"]
[White "Kosanovic,G"]
[Black "Miljkovic,V"]
[Result "1-0"]
[WhiteElo "2396"]
[BlackElo "2235"]

1.d4 Nf6 2.Bg5 Ne4 3.Bf4 d5 4.e3 Bf5 5.Bd3 e6 6.Nd2 Nd6 7.Bxd6 Qxd6 8.Bxf5 exf5
9.Ne2 g6 10.O-O Bh6 11.c4 dxc4 12.Nxc4 Qb4 13.Rc1 O-O 14.a3 Qb5 15.b3 Na6
16.Nc3 Qd7 17.Ne5 Qe6 18.b4 f4 19.Ng4 Bg5 20.exf4 Bxf4 21.Re1 Qf5 22.Re5 Bxc1
23.Rxf5 gxf5 24.Nf6+ Kg7 25.Nh5+ Kg6 26.Ng3 Bg5 27.Qh5+ Kf6 28.Qxh7  1-0

[Event "IMA"]
[Site "Dimitrov RUS"]
[Date "2007.07.31"]
[Round "19"]
[White "Kavalenia,L"]
[Black "Paikidze,N"]
[Result "1-0"]
[WhiteElo "2289"]
[BlackElo "2230"]

1.d4 Nf6 2.Bg5 Ne4 3.Bh4 c5 4.f3 Qa5+ 5.c3 Nf6 6.e3 cxd4 7.exd4 d5 8.Bd3 Nbd7
9.Nd2 e6 10.Ne2 Be7 11.O-O O-O 12.Qc2 Qd8 13.f4 b6 14.Rf3 g6 15.Rh3 a5 16.f5 exf5
17.Nf4 Re8 18.Nf3 Nf8 19.Ne5 Qd6 20.Bb5 Bd7 21.Nxd7 N8xd7 22.Nd3 Ng4 23.Bg3 f4
24.Bxf4 Qe6 25.Re1 Qf5 26.Qa4 Bd6 27.Rf1 Bxf4 28.Nxf4 Ndf6 29.Bxe8 Rxe8 30.Rhf3 Re3
31.Qd1 Ne4 32.h3 Rxf3 33.Qxf3 Ngf6 34.Nd3 Qe6 35.Qf4 h5 36.Qe5 Qc6 37.Qb8+ Kg7
38.Ne5 Qe6 39.Qc7 Nd2 40.Rf2 Nde4 41.Rf3 Ng5 42.Rf4 Nge4 43.Qc6 Nd6 44.Qxb6 g5
45.Rf1 g4 46.hxg4 hxg4 47.Qxa5 Nfe4 48.Qc7 Ng3 49.Rf2 Ngf5 50.Rf4 g3 51.Rg4+ Kh7
52.Qd8 Nh6 53.Rxg3  1-0

[Event "Ave-Kontakt Cup IMC"]
[Site "Olomouc CZE"]
[Date "2007.08.03"]
[Round "4"]
[White "Kireev,Al"]
[Black "Ni,V"]
[Result "1-0"]
[WhiteElo "2380"]
[BlackElo "2147"]

1.d4 Nf6 2.Bg5 Ne4 3.Bh4 g5 4.f3 gxh4 5.fxe4 c5 6.e3 Bh6 7.Kf2 cxd4 8.exd4 e5
9.Nc3 Nc6 10.Qh5 Bg7 11.Bc4 O-O 12.Nf3 Nxd4 13.Nxh4 d5 14.Nxd5 Be6 15.c3 b5
16.Bd3 f5 17.Nf3 Nxf3 18.gxf3 Bxd5 19.exd5 e4 20.Bc2 Kh8 21.Rad1 b4 22.Bb3 bxc3
23.bxc3 Bxc3 24.Rhg1 Qb6+ 25.Kg2 e3 26.f4 Qb5 27.Qf3 Rg8+ 28.Kh3 Qb6 29.Rg3 Bd2
30.d6 Rxg3+ 31.hxg3 Rd8 32.Rxd2  1-0

[Event "FSGM August"]
[Site "Budapest HUN"]
[Date "2007.08.06"]
[Round "1"]
[White "Bui Vinh"]
[Black "Rajlich,I"]
[Result "1-0"]
[WhiteElo "2466"]
[BlackElo "2406"]

1.d4 Nf6 2.Bg5 Ne4 3.Bf4 c5 4.f3 Nf6 5.dxc5 Qa5+ 6.Qd2 Qxc5 7.e4 d6 8.Nc3 a6
9.O-O-O e5 10.Be3 Qc7 11.g4 h6 12.h4 Be6 13.Bh3 Nbd7 14.g5 Nh5 15.gxh6 gxh6
16.Nge2 Ndf6 17.Kb1 O-O-O 18.Na4 Nd7 19.Nec3 Nhf6 20.Qf2 Nc5 21.Nxc5 dxc5
22.Rxd8+ Kxd8 23.Bxe6 fxe6 24.a4 Ke8 25.h5 Rg8 26.Qd2 Qg7 27.Rd1 Qd7 28.Qh2 Qc7
29.Qh3 Kf7 30.Rf1 c4 31.f4 exf4 32.Bxf4 Bd6 33.Bxh6 Be5 34.Bd2 Qd8 35.Bf4 Bxf4
36.Rxf4 Rg5 37.Qh4 Qg8 38.e5 Rf5 39.Rxf5  1-0

[Event "HZ Open"]
[Site "Vlissingen NED"]
[Date "2007.08.06"]
[Round "4"]
[White "Van Loon,R"]
[Black "Doggers,P"]
[Result "0-1"]
[WhiteElo "2075"]
[BlackElo "2233"]

1.d4 Nf6 2.Bg5 Ne4 3.Bh4 g5 4.Bg3 Nxg3 5.hxg3 c5 6.d5 Qb6 7.Qc1 Bg7 8.c3 h6
9.e4 d6 10.Nd2 Nd7 11.Nc4 Qc7 12.Nf3 Nf6 13.Bd3 b5 14.Ne3 Rb8 15.c4 bxc4
16.Nxc4 O-O 17.Rb1 e6 18.e5 dxe5 19.d6 Qc6 20.Nfxe5 Qxg2 21.Ke2 Bb7 22.Qe3 Rfd8
23.Rhg1 Qh2 24.Qxc5 Qh5+ 25.g4 Qh2 26.Qc7 Rf8 27.Nf3 Qf4 28.Ncd2 Rfc8 29.Qa5 Qxd6
30.Rgd1 Nxg4 31.Qxa7 Nf6 32.Nc4 Qf4 33.Ncd2 Nd5 34.Ba6 g4 35.Bxb7 gxf3+ 36.Nxf3 Qe4+
37.Kf1 Rxb7  0-1

[Event "IM"]
[Site "Dubna RUS"]
[Date "2007.08.08"]
[Round "12"]
[White "Truskavetsky,A"]
[Black "Ozolin,M"]
[Result "1-0"]
[WhiteElo "2392"]
[BlackElo "2406"]

1.d4 Nf6 2.Bg5 Ne4 3.h4 c5 4.d5 Qb6 5.Nd2 Nxd2 6.Bxd2 e5 7.Bc3 d6 8.e4 Nd7
9.f4 exf4 10.Qd2 Be7 11.Bxg7 Rg8 12.Bc3 Nf6 13.Qe2 Bg4 14.Nf3 Nh5 15.Qc4 Bd7
16.Rg1 Qd8 17.O-O-O b5 18.Qe2 b4 19.Be1 Bg4 20.e5 dxe5 21.Qxe5 Kf8 22.d6 Bf6
23.Qxc5 Rc8 24.Qd5 Qb6 25.d7 Rd8 26.Bb5 a6 27.Bxb4+ Kg7 28.Ng5 Bxg5 29.Bc5 Qe6
30.Qxg5+ Kh8 31.Bd4+ f6 32.Bc4 Rxg5 33.Bxe6 Rg7 34.Bxg4  1-0

[Event "ch-Euro Rapid Women"]
[Site "Predeal ROM"]
[Date "2007.08.09"]
[Round "8"]
[White "Raeva,E"]
[Black "Ciubara,V"]
[Result "0-1"]
[WhiteElo "2215"]
[BlackElo "2119"]

1.d4 Nf6 2.Bg5 Ne4 3.Bf4 d5 4.f3 Nf6 5.e4 dxe4 6.Nc3 exf3 7.Nxf3 Bg4 8.h3 Bh5
9.g4 Bg6 10.Bc4 e6 11.Qe2 Bb4 12.Bg5 c6 13.O-O Nbd7 14.d5 cxd5 15.Nxd5 Bc5+
16.Kg2 O-O 17.Nxf6+ Nxf6 18.Rad1 Qc7 19.Bxf6 gxf6 20.h4 Qf4 21.Ng5 Qe5 22.Qxe5 fxe5
23.h5 Bxc2 24.Rc1 Be3 25.Rxc2 Bxg5 26.Rcf2 Bf4 27.g5 Rac8 28.Bb3 Kg7 29.g6 hxg6
30.hxg6 Kxg6 31.Kf3 Rh8 32.Rg2+ Kf6 33.Rd1 Rh3+ 34.Kf2 Rc7 35.Rd8 Rh2 36.Rxh2 Bxh2
37.Rf8 Bf4 38.Rg8 Bc1 39.Rh8 Bxb2 40.Rh6+ Kg7 41.Rh3 Bd4+ 42.Ke2 Rc3 43.Rh1 b5
44.Kd2 a5 45.Bc2 Ra3 46.Bb1 b4 47.Rh7+ Kf6 48.Rh6+ Kg5 49.Rh7 f5 50.Rg7+ Kf6
51.Rh7 e4 52.Rd7 e5 53.Rb7 Rh3 54.Rb5 Rh2+ 55.Kd1 e3 56.Bd3 Rxa2 57.Be2 Bc3
58.Bc4 Rd2+ 59.Kc1 e2  0-1

[Event "Open"]
[Site "Dubna RUS"]
[Date "2007.08.10"]
[Round "11"]
[White "Dzhangobegov,V"]
[Black "Kolmakov,P"]
[Result "0-1"]
[WhiteElo "2143"]
[BlackElo "2216"]

1.d4 Nf6 2.Bg5 Ne4 3.Bf4 c5 4.f3 Nf6 5.c3 Qb6 6.Qd2 e6 7.e4 d5 8.e5 Nfd7
9.Be3 Nc6 10.f4 Be7 11.Nf3 O-O 12.a3 cxd4 13.cxd4 Na5 14.Qc2 Nb3 15.Ra2 f6
16.Bd3 fxe5 17.fxe5 Rxf3 18.gxf3 Nxd4 19.Qd1 Nxe5 20.O-O Bc5 21.Kh1 a5 22.b4 axb4
23.axb4 Rxa2 24.bxc5 Qc7 25.f4 Nxd3 26.Bxd4 Nxf4 27.Nc3 Ra5 28.Qf3 e5 29.Nxd5 Qf7
30.Nxf4 exd4 31.Qd5 Bd7 32.Qxb7 Rxc5 33.Kg1 Rg5+ 34.Kh1 Rf5 35.Qa8+ Qe8 36.Qa2+ Be6
37.Nxe6 Rxf1+ 38.Kg2 Rf7 39.Ng5 h6 40.Nxf7 Qxf7 41.Qa8+ Kh7 42.Qd8 Qg6+ 43.Kh3 d3
44.Qd5 h5 45.Qg5 d2  0-1

[Event "IM"]
[Site "Dubna RUS"]
[Date "2007.08.10"]
[Round "14"]
[White "Truskavetsky,A"]
[Black "Rozanov,P"]
[Result "1-0"]
[WhiteElo "2392"]
[BlackElo "2201"]

1.d4 Nf6 2.Bg5 Ne4 3.h4 c5 4.d5 Qa5+ 5.Bd2 Nxd2 6.Qxd2 Qxd2+ 7.Nxd2 d6 8.e4 g6
9.f4 Bg7 10.O-O-O Bg4 11.Ngf3 Nd7 12.Re1 Bxf3 13.Nxf3 O-O-O 14.g3 Kc7 15.h5 Bh6
16.Kb1 Rdg8 17.hxg6 hxg6 18.e5 Bg7 19.Rxh8 Bxh8 20.c4 f5 21.Bd3 Bg7 22.Nh4 Bh8
23.exd6+ exd6 24.Re7 Bf6 25.Rh7 Bd4 26.b3 Kc8 27.Kc2 a6 28.Rh6 Nf8 29.Nxg6 Nxg6
30.Bxf5+ Kb8 31.Rxg6 Rxg6 32.Bxg6 Bf2 33.g4 Be3 34.Kd3 Bxf4 35.Ke4 Bc1 36.Kf5 Kc7
37.g5 Kd8 38.Kf6 Bb2+ 39.Ke6 Bc1 40.Kxd6 Bxg5 41.Kxc5 Be3+ 42.Kd6 Bf4+ 43.Ke6 Be3
44.d6 Bc5 45.Be4 b6 46.Kd5 a5 47.Kc6 Kc8 48.Bf5+ Kb8 49.d7 Be7 50.Kxb6 Bd8+
51.Kc6 Ka7 52.a3 Kb8 53.b4 axb4 54.axb4 Ka7 55.b5 Bb6 56.c5 Bd8 57.b6+ Kb8
58.Bd3 Ka8 59.Ba6 Kb8 60.Kd6 Ka8 61.Ke6  1-0

[Event "RC Sport Open"]
[Site "Ceska Trebova CZE"]
[Date "2007.08.11"]
[Round "3"]
[White "Cerveny,M"]
[Black "Kolovratnik,M"]
[Result "1-0"]
[WhiteElo "2304"]
[BlackElo "2140"]

1.d4 Nf6 2.Bg5 Ne4 3.Bf4 e6 4.f3 Nf6 5.e4 d5 6.Bg5 h6 7.Bxf6 gxf6 8.Nc3 c6
9.g3 h5 10.Bg2 Nd7 11.Nge2 Nb6 12.b3 Bd7 13.a4 a5 14.O-O Bh6 15.Qd3 Qc7 16.Nd1 c5
17.Qc3 Bf8 18.Ne3 h4 19.f4 hxg3 20.hxg3 dxe4 21.Bxe4 Rg8 22.d5 f5 23.d6 Bxd6
24.Bg2 Bc6 25.Rad1 Bxg2 26.Kxg2 Qc6+ 27.Rf3 Kf8 28.Qd2 Be7 29.Qc3 Qe4  1-0

[Event "Arctic Chess Challenge"]
[Site "Tromso NOR"]
[Date "2007.08.11"]
[Round "8"]
[White "Porper,E"]
[Black "Toma,K"]
[Result "1-0"]
[WhiteElo "2474"]
[BlackElo "2275"]

1.d4 Nf6 2.Bg5 Ne4 3.Bf4 d5 4.e3 c5 5.Nd2 Nxd2 6.Qxd2 Nc6 7.Nf3 e6 8.Be2 Be7
9.O-O O-O 10.a3 cxd4 11.exd4 Bd7 12.b4 Rc8 13.Rac1 Nb8 14.Ne5 Be8 15.Rfe1 Nd7
16.Bd3 Nb6 17.Qe3 f5 18.Nf3 Bd7 19.Bg5 Bxg5 20.Nxg5 Qf6 21.Nf3 Rc3 22.Ne5 Ba4
23.Qd2 Rfc8 24.Ra1 a6 25.Re2 Bb5 26.Bxb5 axb5 27.Rae1 h6 28.Nf3 R8c6 29.Rxe6 Rxe6
30.Qxc3 Rxe1+ 31.Qxe1 Qc6 32.h4 Qxc2 33.Qe6+ Kh7 34.Qxb6 Qc1+ 35.Kh2 Qf4+
36.Kh1 Qc1+ 37.Ng1 Qf4 38.Qc5 Qxf2 39.Qxd5  1-0

[Event "6th Int Open"]
[Site "Davos SUI"]
[Date "2007.08.12"]
[Round "7"]
[White "Milovic,J"]
[Black "Hera,I"]
[Result "0-1"]
[WhiteElo "2262"]
[BlackElo "2526"]

1.d4 Nf6 2.Bg5 Ne4 3.h4 c5 4.dxc5 h6 5.Be3 e6 6.Nd2 Nxc5 7.Bxc5 Bxc5 8.Ne4 d5
9.Nxc5 Qa5+ 10.Qd2 Qxc5 11.Rh3 O-O 12.g4 Nc6 13.Rg3 e5 14.Nh3 d4 15.Bg2 Be6
16.g5 h5 17.g6 f6 18.a3 Bf5 19.Rc1 Ne7 20.Bxb7 Rad8 21.c4 dxc3 22.Qxc3 Qxc3+
23.bxc3 Rd7 24.Bf3 Bxg6 25.e4 Rb8 26.Be2 Bxe4 27.Bxh5 Nf5 28.Rg4 Bf3 29.Ng1 Bxg4
30.Bxg4 g6 31.h5 Kg7 32.Ne2 Rdb7 33.hxg6 Kxg6 34.Bf3 Rb1 35.Rxb1 Rxb1+ 36.Kd2 Ra1
37.Be4 Kg5 38.c4 Ra2+ 39.Kd1 Rxa3 40.c5 Ra5 41.c6 Nd6 42.f4+ Kg4  0-1

[Event "Open"]
[Site "Kavala GRE"]
[Date "2007.08.12"]
[Round "9"]
[White "Ivanisevic,I"]
[Black "Kotronias,V"]
[Result "1-0"]
[WhiteElo "2595"]
[BlackElo "2612"]

1.d4 Nf6 2.Bg5 Ne4 3.Bf4 c5 4.f3 Qa5+ 5.c3 Nf6 6.d5 Qb6 7.Bc1 e6 8.e4 exd5
9.exd5 Bd6 10.Na3 O-O 11.Bd3 Re8+ 12.Ne2 Bf8 13.Nc4 Qd8 14.Ne3 d6 15.O-O g6
16.a4 Bh6 17.Nc4 Bxc1 18.Rxc1 b6 19.Ng3 Bb7 20.Ne4 Nxe4 21.fxe4 Qe7 22.Qf3 Nd7
23.Qg3 Ne5 24.Nxe5 Qxe5 25.Qxe5 Rxe5 26.Rf6 c4 27.Bxc4 Rxe4 28.Bb5 Rd8 29.c4 Re7
30.a5 bxa5 31.Rff1 Re3 32.Rce1 Rb3 33.Re7 Bxd5 34.cxd5 Rxb5 35.Rfxf7 Rxb2
36.Rg7+ Kf8 37.Ref7+ Ke8 38.Rxa7 Kf8 39.Rxh7 Kg8 40.Rag7+ Kf8 41.Rxg6 Rb1+
42.Kf2 Rdb8 43.Rh8+ Kf7 44.Rxb8 Rxb8 45.Rxd6 Ra8 46.Rc6 a4 47.Ke3 a3 48.Rc1 Ke7
49.Ra1 Kd6 50.Ke4 Re8+ 51.Kd4 Ra8 52.Kc4 Rh8 53.h3 Rc8+ 54.Kd4 Ra8 55.Ra2 Ra4+
56.Kc3 Kxd5 57.Kb3 Ra8 58.Rxa3 Rg8 59.Ra2 Kd4 60.Rc2 Rb8+ 61.Ka4 Kd3 62.Rc5 Rg8
63.g4 Ke4 64.Rh5 Kf4 65.Kb5 Rc8 66.g5 Kf5 67.h4 Kg6 68.Rh6+ Kg7 69.h5 Rc1
70.Rg6+ Kh7 71.Rc6 Rh1 72.g6+ Kh6 73.Rc5 Ra1 74.Kc6 Rh1 75.Kd6 Rh2 76.Ke6 Rf2
77.Rc7 Kxh5 78.g7 Rg2 79.Kf7  1-0

[Event "Petrovskaya Ladya IM2"]
[Site "Peterhof RUS"]
[Date "2007.08.13"]
[Round "1"]
[White "Romcovici,V"]
[Black "Rozum,I"]
[Result "0-1"]
[WhiteElo "2232"]
[BlackElo "2354"]

1.d4 Nf6 2.Bg5 Ne4 3.Bf4 d6 4.e3 Nd7 5.Bd3 Nef6 6.Nf3 g6 7.c3 Bg7 8.h3 O-O
9.O-O Qe8 10.e4 e5 11.Be3 exd4 12.Bxd4 b6 13.Nbd2 Bb7 14.Qc2 Nc5 15.Bxc5 bxc5
16.Rfe1 Nd7 17.Bc4 Nb6 18.Bb3 a5 19.a3 Qd7 20.Rad1 Kh8 21.Nc4 Nxc4 22.Bxc4 Rae8
23.Bd5 Bc8 24.b4 Qb5 25.a4 Qb6 26.b5 f5 27.Nd2 fxe4 28.Nc4 Qa7 29.Bxe4 Be6
30.Bc6 Re7 31.Qd2 Bf6 32.Qh6 Qb8 33.Bd5 Bg7 34.Qc1 Bxd5 35.Rxd5 Ref7 36.Re2 Rf4
37.Nb2 Qd8 38.Qe1 Qf6 39.Rd3 h5 40.Re8 Rxe8 41.Qxe8+ Kh7 42.Qe2 Qf7 43.Re3 Qa2
44.g3 Rf5 45.Re7 Re5 46.Rxe5 Bxe5 47.Qc2 Bg7 48.Kf1 c4 49.f4 Kh8 50.Ke2 d5
51.Kd2 Qa3 52.Nd1 Qd6 53.Kc1 h4 54.gxh4 Qxf4+ 55.Kb1 Qf3 56.Qd2 Kh7 57.Ka2 d4
58.Kb2 Qxh3 59.Qf2 dxc3+ 60.Kb1 Qd3+ 61.Qc2 Qd6 62.Ka2 Qd2 63.Kb1 Bd4 64.Qc1 Kh6
65.Qc2 Kh5  0-1

[Event "FSIMA August"]
[Site "Budapest HUN"]
[Date "2007.08.14"]
[Round "9"]
[White "Pitl,G"]
[Black "Mayer,I"]
[Result "1-0"]
[WhiteElo "2387"]
[BlackElo "2141"]

1.d4 Nf6 2.Bg5 Ne4 3.Bf4 g6 4.f3 Nf6 5.e4 Bg7 6.Nc3 d6 7.Qd2 Nc6 8.O-O-O Nh5
9.Be3 e5 10.d5 Nb8 11.Nge2 f5 12.exf5 gxf5 13.g4 Nf6 14.gxf5 Bxf5 15.Ng3 Bg6
16.h4 Nh5 17.Bg5 Bf6 18.Nge4 Be7 19.Bh3 O-O 20.Rdg1 Kh8 21.Bxe7 Qxe7 22.Rxg6 hxg6
23.Qh6+  1-0

[Event "Open"]
[Site "Callao PER"]
[Date "2007.08.14"]
[Round "9"]
[White "Cordova,Em"]
[Black "Roselli Mailhe,B"]
[Result "1-0"]
[WhiteElo "2492"]
[BlackElo "2412"]

1.d4 Nf6 2.Bg5 Ne4 3.Bf4 d5 4.e3 c5 5.Bd3 Qb6 6.Bxe4 dxe4 7.Nc3 e6 8.Nge2 f5
9.O-O Nd7 10.dxc5 Qxc5 11.Nd4 Kf7 12.f3 e5 13.Bg5 exd4 14.exd4 Qc6 15.fxe4 Qg6
16.Qd3 Nb6 17.Be3 Be7 18.exf5 Qc6 19.d5 Qc4 20.Qd1 Rd8 21.Qh5+ Kg8 22.Rf4 Qc7
23.Re1 Bf6 24.Nb5 Qf7 25.Qxf7+ Kxf7 26.c4 Bxb2 27.Nxa7 Nd7 28.Rb1 Be5 29.Rf3 Nf6
30.h3 Rd7 31.g4 h6 32.Rf2 Ne4 33.Rc2 Bd6 34.Nb5 Bc5 35.Bxc5 Nxc5 36.Nd4 Ra5
37.Nb3 Nxb3 38.axb3 b5 39.Rd1 bxc4 40.bxc4 Rc5 41.Rd4 Rd6 42.Kf2 Ke7 43.Ke3 Rb6
44.Rf4 Rb4 45.Kd4 Ra5 46.Ke5 Ra1 47.Re4 Bb7 48.Kd4+ Kd7 49.Re6 Ra6 50.Ke5 Rb1
51.c5 Re1+ 52.Kf4 Rf1+ 53.Ke3 Rxe6+ 54.fxe6+ Ke7 55.Rd2 Bxd5 56.Rxd5 Kxe6
57.Rd3 Ke5 58.Kd2 Ke4 59.c6 Rf2+ 60.Kc3 Rf6 61.Rd4+ Ke5 62.c7  1-0

[Event "Open"]
[Site "Ptuj SLO"]
[Date "2007.08.14"]
[Round "4"]
[White "Doric,N"]
[Black "Loncar,R"]
[Result "1/2-1/2"]
[WhiteElo "2318"]
[BlackElo "2444"]

1.d4 Nf6 2.Bg5 Ne4 3.Bf4 c5 4.f3 Qa5+ 5.c3 Nf6 6.Nd2 cxd4 7.Nb3 Qb6 8.Qxd4 Nc6
9.Qxb6 axb6 10.Be3 b5 11.Nd4 Nd5 12.Bf2 Nc7 13.e4  1/2-1/2

[Event "Acropolis Open"]
[Site "Athens GRE"]
[Date "2007.08.15"]
[Round "2"]
[White "Gogolis,A"]
[Black "Spirakopoulos,I"]
[Result "1-0"]
[WhiteElo "2289"]
[BlackElo "2204"]

1.d4 Nf6 2.Bg5 Ne4 3.Bf4 c5 4.f3 Qa5+ 5.c3 Nf6 6.Nd2 cxd4 7.Nb3 Qb6 8.Qxd4 Nc6
9.Qxb6 axb6 10.Nd4 e5 11.Nxc6 exf4 12.Nd4 Bc5 13.g3 Nd5 14.e4 fxe3 15.Bc4 Nc7
16.Ke2 O-O 17.Kxe3 d5 18.Bb3 Bf5 19.Ne2 Rfe8+ 20.Kd2 Bd7 21.Rhe1 g6 22.a3 Kg7
23.Nc2 Bc6 24.Ned4 Ne6 25.Kd3 Kf6 26.h4 Bd6 27.Rg1 Nc5+ 28.Kd2 Re7 29.Rae1 Nxb3+
30.Nxb3 Rae8 31.Rxe7 Rxe7 32.Nbd4 h5 33.Ne3 Re5 34.b4 Kg7 35.f4 Re8 36.Ra1  1-0

[Event "Acropolis Open"]
[Site "Athens GRE"]
[Date "2007.08.17"]
[Round "4"]
[White "Gogolis,A"]
[Black "Goumas,G"]
[Result "1-0"]
[WhiteElo "2289"]
[BlackElo "2183"]

1.d4 Nf6 2.Bg5 Ne4 3.Bf4 c5 4.f3 Nf6 5.dxc5 b6 6.e4 bxc5 7.Nc3 Nc6 8.Nd5 d6
9.Bb5 Bd7 10.Ne2 Rb8 11.c4 a6 12.Bxc6 Bxc6 13.Nxf6+ gxf6 14.Qd2 Qb6 15.Rb1 Qb4
16.Qxb4 Rxb4 17.b3 Rb7 18.Kd2 h5 19.Nc3 Bh6 20.Bxh6 Rxh6 21.Ke3 Rg6 22.Kf2 Kd7
23.h4 Rb8 24.Ne2 a5 25.Nf4 Rh6 26.a3 Rg8 27.Rhg1 e5 28.Ne2 Rhg6 29.b4 axb4
30.axb4 cxb4 31.Rxb4 Ra8 32.Rb2 Kc7 33.Ng3 Rh8 34.Nf5 Bd7 35.Ne7 Rgh6 36.Ra1  1-0

[Event "Open A"]
[Site "Polanica Zdroj POL"]
[Date "2007.08.18"]
[Round "2"]
[White "Przezdziecka,M"]
[Black "Moranda,W"]
[Result "0-1"]
[WhiteElo "2315"]
[BlackElo "2492"]

1.d4 Nf6 2.Bg5 Ne4 3.Bf4 e6 4.f3 Bd6 5.Bxd6 Nxd6 6.e4 f5 7.e5 Nf7 8.f4 d6
9.Nf3 O-O 10.Nc3 c5 11.dxc5 dxe5 12.Qxd8 Rxd8 13.fxe5 Nc6 14.Bc4 Nfxe5 15.Nxe5 Nxe5
16.Bb3 Bd7 17.O-O Nf7 18.Rae1 Re8 19.Rf2 Rac8 20.Rd2 Rc7 21.Rxd7 Rxd7 22.Ba4 Rdd8
23.Bxe8 Rxe8 24.Nb5 e5 25.c6 bxc6 26.Nxa7 c5 27.Nb5 Ra8 28.Nc3 e4 29.Rd1 Ne5
30.Rd5 Nc4 31.b3 Ne3 32.Rxc5 Rd8 33.Kf2 Nxc2 34.Nd5 Kf7 35.Rxc2 Rxd5 36.Ke2 Ke6
37.Rc8 f4 38.Re8+ Kf5 39.Rf8+ Kg4 40.a4 e3 41.g3 Rd2+ 42.Ke1 g5 43.gxf4 gxf4
44.h3+ Kf3  0-1

[Event "Acropolis Open"]
[Site "Athens GRE"]
[Date "2007.08.19"]
[Round "6"]
[White "Dzagnidze,N"]
[Black "Kotronias,V"]
[Result "1/2-1/2"]
[WhiteElo "2404"]
[BlackElo "2612"]

1.d4 Nf6 2.Bg5 Ne4 3.Bf4 c5 4.f3 Qa5+ 5.c3 Nf6 6.Nd2 cxd4 7.Nb3 Qd8 8.cxd4 e6
9.e4 Bb4+ 10.Bd2 Bxd2+ 11.Qxd2 O-O 12.Ne2 a5 13.Nc3 a4 14.Nc5 a3 15.b4 Nc6
16.b5 Ne7 17.Be2 d6 18.Nb3 Nd7 19.f4 Nb6 20.O-O Bd7 21.Rac1 Qb8 22.Bd3 f6
23.Qe3 Na4 24.Qh3 Nxc3 25.Rxc3 Rc8 26.Rxc8+ Qxc8 27.Rc1 Qd8 28.e5 f5 29.exd6 Nd5
30.Qf3 Qf8 31.Bc4 Qxd6 32.Bxd5 Qxd5 33.Qxd5 exd5 34.b6 Bb5 35.Rc7 Bc4 36.Rxb7 Bxb3
37.Ra7 Rb8 38.b7 Kf7 39.axb3 Ke6 40.Kf2 a2 41.Rxa2 Rxb7 42.Rb2 Kd6 43.b4 Kc6
44.Ke3 Re7+ 45.Kd3 Kb5 46.Rc2 Kxb4 47.Rc5 Rd7 48.Ke3 Rd6 49.Rc7 Rg6 50.g3 Ra6
51.Rb7+ Kc4 52.Rc7+ Kb4 53.Rxg7 Ra3+ 54.Kf2 Ra2+ 55.Ke3 Ra3+ 56.Kf2 Ra2+
57.Kf3 Rxh2 58.Rf7 Kc4 59.Ke3 Rg2 60.Rc7+ Kb4 61.Kf3 Rd2 62.Rxh7 Rd3+ 63.Kf2 Kc4
64.Rf7 Rd2+ 65.Kf3 Rd3+ 66.Kg2 Rd2+ 67.Kh3 Kxd4 68.Rxf5 Ke3 69.Re5+ Kf3 70.f5 Rd1
71.Kh4 Rd4+ 72.Kg5 Kxg3 73.f6 Rg4+ 74.Kh6 d4 75.f7 Rf4 76.Kg6 Rxf7 77.Kxf7 Kf3
78.Rd5 Ke3  1/2-1/2

[Event "1st Serbian League Men"]
[Site "Zlatibor SRB"]
[Date "2007.08.20"]
[Round "9"]
[White "Drazic,S"]
[Black "Bulajic,R"]
[Result "1/2-1/2"]
[WhiteElo "2480"]
[BlackElo "2321"]

1.d4 Nf6 2.Bg5 Ne4 3.Bf4 d5 4.f3 Nf6 5.Nc3 Bf5 6.g4 Bg6 7.h4 h6 8.e3 e6 9.Bd3 Bxd3
10.Qxd3 Bd6 11.Nge2 Nc6 12.O-O-O Qd7 13.Bxd6 cxd6 14.Nf4 g6 15.g5 Ng8 16.e4 dxe4
17.Qxe4 Nce7 18.Nd3 O-O-O 19.Kb1 Nf5 20.d5 e5 21.Rhg1 hxg5 22.hxg5 Rh4 23.Rg4 Rh2
24.f4 exf4 25.Qxf4 Ne3 26.Qxh2 Qxg4 27.Re1 Qg2 28.Qxg2 Nxg2 29.Re4 Kd7 30.Rb4 Rb8
31.b3 Ne7 32.Kb2 Ne3 33.Rf4 Rf8 34.Ra4 a6 35.Rd4 Rh8 36.Rf4 Rh2 37.Ne1 N7f5
38.a4 Rd2 39.Kc1 Rh2 40.Kb2 Rd2 41.Kc1 Rh2 42.Kb2 Rd2 43.Kc1 Rh2  1/2-1/2

[Event "Independence Cup A"]
[Site "Kyiv UKR"]
[Date "2007.08.21"]
[Round "9"]
[White "Panchenko,AG"]
[Black "Shabala,S"]
[Result "1/2-1/2"]
[WhiteElo "2346"]
[BlackElo "2255"]

1.d4 Nf6 2.Bg5 Ne4 3.Bh4 d5 4.f3 Nf6 5.Bxf6 exf6 6.Nc3 Bb4 7.a3 Bxc3+ 8.bxc3 O-O
9.e3 Re8 10.Qd2 b6 11.c4 c5 12.c3 cxd4 13.cxd4 Nc6 14.cxd5 Qxd5 15.Kf2 Na5
16.Rb1 Bb7 17.Bb5 Bc6 18.Bd3 Qd6 19.Qb4 Qe6 20.Re1 f5 21.Nh3 Qf6 22.Rhf1 Bb7
23.Kg1 Rad8 24.Qb1 g6 25.Rf2 Nc6 26.Bb5 Re7 27.Rfe2 Na5 28.Qb4 Rc7 29.Nf4 Rdc8
30.Rd2 Rc3 31.Rd3 Rc2 32.Rd2 R2c3 33.Rd3 Rc2  1/2-1/2

[Event "Dato Arthur Tan Malaysian Op"]
[Site "Kuala Lumpur MAS"]
[Date "2007.08.22"]
[Round "5"]
[White "Rahman,Zia"]
[Black "Shen Siyuan"]
[Result "1-0"]
[WhiteElo "2522"]
[BlackElo "2337"]

1.d4 Nf6 2.Bg5 Ne4 3.Bf4 c5 4.f3 Qa5+ 5.c3 Nf6 6.d5 d6 7.e4 Nbd7 8.Na3 g6
9.Nc4 Qc7 10.a4 Bg7 11.Ne2 Nb6 12.Ng3 Nxc4 13.Bxc4 Nd7 14.O-O a6 15.Qd2 h6
16.Be3 Rb8 17.f4 b5 18.axb5 axb5 19.Bd3 b4 20.c4 Bb7 21.h4 h5 22.e5 dxe5
23.f5 gxf5 24.Nxf5 Bf6 25.Be4 Qb6 26.Rf2 Rg8 27.Bf3 e4 28.Bxh5 Ra8 29.Rxa8+ Bxa8
30.Qd1 Ne5 31.Qa4+  1-0

[Event "16th VR Bank Open"]
[Site "Apolda GER"]
[Date "2007.08.23"]
[Round "1"]
[White "Walther,G"]
[Black "Schirm,F"]
[Result "0-1"]
[WhiteElo "1823"]
[BlackElo "2270"]

1.d4 Nf6 2.Bg5 Ne4 3.Bf4 c5 4.e3 Qb6 5.b3 Qa5+ 6.c3 Nxc3 7.Qd2 cxd4 8.exd4 e5
9.Nxc3 Bb4 10.Rc1 exf4 11.Bd3 O-O 12.Nge2 f3 13.gxf3 Nc6 14.O-O Qh5 15.Qf4 Bxc3
16.Rxc3 d6 17.Kh1 Nb4 18.Ng3 Qh3 19.Rxc8 Qxc8 20.Bf5 Qd8 21.Rg1 Nd5 22.Qg4 Nf6
23.Qh3 g6 24.Qh6 Kh8 25.Nh5 Nxh5 26.Bxg6 fxg6 27.Rxg6 Rf6  0-1

[Event "XIX Open"]
[Site "Porto San Giorgio ITA"]
[Date "2007.08.23"]
[Round "3"]
[White "Rausis,I"]
[Black "Bogza,A"]
[Result "0-1"]
[WhiteElo "2524"]
[BlackElo "2287"]

1.d4 Nf6 2.Bg5 Ne4 3.Bh4 c5 4.Nd2 Qa5 5.c3 Nxd2 6.Qxd2 cxd4 7.cxd4 Qxd2+
8.Kxd2 d5 9.e3 e6 10.Ne2 Bd7 11.Nc3 a6 12.a3 Be7 13.Bg3 Bc6 14.Bd3 Nd7 15.Rhc1 f6
16.b3 e5 17.Bf5 Rd8 18.Kc2 exd4 19.exd4 g6 20.Be6 Nf8 21.Bh3 Kf7 22.Bc7 Re8
23.Re1 h5 24.b4 f5 25.Be5 Rg8 26.g3 Ne6 27.Bg2 Rc8 28.Kb3 Rgd8 29.a4 Bf6
30.Rad1 Bxe5 31.Rxe5 Nc7 32.Rde1 Re8 33.b5 axb5 34.axb5 Bxb5 35.Nxd5 Ne6
36.Kb4 Nxd4 37.Nb6 Nc2+ 38.Kxb5 Nxe1 39.Rxe1 Rxe1 40.Nxc8 Re2 41.Bd5+ Kf6
42.f4 Rxh2 43.Nb6 Rh3 44.Kc5 Rxg3 45.Nd7+ Kg7 46.Ne5 h4 47.Bxb7 h3 48.Kd4 h2
49.Nd3 Kh6 50.Nf2 Kh5 51.Ke5 Rb3 52.Bd5 Rb2 53.Bf3+ Kh4 54.Nh1 Rb3 55.Bd5 Rb5
56.Kd4 Kg4 57.Bf7 Rb1  0-1

[Event "27th Open"]
[Site "Bratto ITA"]
[Date "2007.08.24"]
[Round "2"]
[White "Vancini,E"]
[Black "Castrogiovanni,C"]
[Result "1-0"]
[WhiteElo "2308"]
[BlackElo "2086"]

1.d4 Nf6 2.Bg5 Ne4 3.Bf4 c5 4.f3 Qa5+ 5.c3 Nf6 6.d5 Qb6 7.Bc1 e6 8.c4 exd5
9.cxd5 c4 10.e3 Bc5 11.Kf2 Qa6 12.Nc3 O-O 13.Qa4 Qb6 14.Bxc4 Bxe3+ 15.Bxe3 Qxb2+
16.Nge2  1-0